Juventus Champions League Winner Starting XI - Statistics

General Stats
  • This quiz has been taken 687 times
  • The average score is 8 of 22
Answer Stats
Player % Correct
Alessandro Del Piero
87%
Michel Platini
70%
Didier Deschamps
59%
Paolo Rossi
49%
Gianluca Vialli
48%
Angelo Peruzzi
47%
Zbigniew Boniek
46%
Fabrizio Ravanelli
44%
Antonio Conte
41%
Gaetano Scirea
39%
Paulo Sousa
38%
Ciro Ferrara
36%
Gianluca Pessotto
30%
Marco Tardelli
29%
Antonio Cabrini
27%
Moreno Torricelli
23%
Stefano Tacconi
20%
Massimo Bonini
16%
Pietro Vierchowod
16%
Sergio Brio
11%
Luciano Favero
8%
Massimo Briaschi
7%
No matching quizzes found
Score Distribution
Percent of People with Each Score
Percentile by Number Answered
Your Score History
You have not taken this quiz